Development With a body: (Record no. 6975)

MARC details
000 -LEADER
fixed length control field 02971cam a22003374a 4500
001 - CONTROL NUMBER
control field 15464373
003 - CONTROL NUMBER IDENTIFIER
control field OSt
005 - DATE AND TIME OF LATEST TRANSACTION
control field 20230207152007.0
008 - FIXED-LENGTH DATA ELEMENTS--GENERAL INFORMATION
fixed length control field 080925s2008 enk b 001 0 eng d
010 ## - LIBRARY OF CONGRESS CONTROL NUMBER
LC control number 2008300106
020 ## - INTERNATIONAL STANDARD BOOK NUMBER
International Standard Book Number 9781842778913 (pbk.)
035 ## - SYSTEM CONTROL NUMBER
System control number (OCoLC)ocn181601700
040 ## - CATALOGING SOURCE
Original cataloging agency BTCTA
Transcribing agency DDC
Modifying agency BAKER
-- YDXCP
-- CVM
-- WAU
-- BWK
-- IAY
-- OCLCQ
-- IXA
-- DLC
042 ## - AUTHENTICATION CODE
Authentication code lccopycat
043 ## - GEOGRAPHIC AREA CODE
Geographic area code d------
082 ## - DEWEY DECIMAL CLASSIFICATION NUMBER
Classification number 571.8 COR 2008
100 ## - MAIN ENTRY--PERSONAL NAME
Personal name Editors Cornwall, Andrea; Corrêa, Sonia; Jolly, Susie.
9 (RLIN) 14316
245 00 - TITLE STATEMENT
Title Development With a body:
Remainder of title sexuality, human rights and development
260 ## - PUBLICATION, DISTRIBUTION, ETC. (IMPRINT)
Place of publication, distribution, etc. New York :
Name of publisher, distributor, etc. Zed Books :
Date of publication, distribution, etc. 2008.
300 ## - PHYSICAL DESCRIPTION
Extent xiv, 257 p. ;
Dimensions 22 cm.
504 ## - BIBLIOGRAPHY, ETC. NOTE
Bibliography, etc Includes bibliographical references and index.
505 0# - FORMATTED CONTENTS NOTE
Formatted contents note Development with a body: making the connections between sexuality, human rights, and development / Andrea Cornwall, Sonia Corrêa and Susie Jolly -- Development's encounter with sexuality: essentialism and beyond / Sonia Corrêa and Susan Jolly -- Sexual rights/human rights --- Sexual rights are human rights / Kate Sheill -- Sex work, trafficking and HIV: how development is compromising sex workers' human rights / Melissa Ditmore -- The language of rights / Jaya Sharma -- Children's sexual rights in an era of HIV/AIDS / Deevia Bhana -- The rights of man / Alan Greig -- Human rights interrupted: an illustration from India / Sumit Baudh -- Gender and sex orders -- Discrimination against lesbians in the workplace / Alejandra Sardá -- Ruling masculinities in post-apartheid South Africa / Kopano Ratele -- Gender, identity and travesti rights in Peru / Giuseppe Campuzano -- Small powers, little choice: reproductive and sexual rights in slums in Bangladesh / Sabina Faiz Rashid -- Social and political inclusion of sex workers as preventive measure against trafficking: Serbian experiences / Jelena Djordjevic -- Confronting our prejudices: women's movement experiences in Bangladesh / Shireen Huq -- Sexuality education as a human right: lessons from Nigeria / Adenike O. Esiet -- Terms of contact and touching change: investigating pleasure in an HIV epidemic / Jill Lewis and Gill Gordon -- A democracy of sexuality: linkages and strategies for sexual rights, participation, and development / Henry Armas -- Integrating sexuality into gender and human rights frameworks: a case study from Turkey / Pinar Ilkkarancan and Karin Ronge.
650 #0 - SUBJECT ADDED ENTRY--TOPICAL TERM
Topical term or geographic name as entry element Child development
9 (RLIN) 6880
650 #0 - SUBJECT ADDED ENTRY--TOPICAL TERM
Topical term or geographic name as entry element Human rights
9 (RLIN) 14317
856 42 - ELECTRONIC LOCATION AND ACCESS
Materials specified Contributor biographical information
Uniform Resource Identifier http://www.loc.gov/catdir/enhancements/fy0908/2008300106-b.html
856 42 - ELECTRONIC LOCATION AND ACCESS
Materials specified Publisher description
Uniform Resource Identifier http://www.loc.gov/catdir/enhancements/fy0908/2008300106-d.html
856 41 - ELECTRONIC LOCATION AND ACCESS
Materials specified Table of contents only
Uniform Resource Identifier http://www.loc.gov/catdir/enhancements/fy0908/2008300106-t.html
906 ## - LOCAL DATA ELEMENT F, LDF (RLIN)
a 7
b cbc
c copycat
d 2
e ncip
f 20
g y-gencatlg
942 ## - ADDED ENTRY ELEMENTS (KOHA)
Source of classification or shelving scheme Dewey Decimal Classification
Koha item type Open Shelf
Holdings
Withdrawn status Lost status Source of classification or shelving scheme Damaged status Not for loan Home library Current library Date acquired Source of acquisition Inventory number Total Checkouts Full call number Barcode Date last seen Koha item type
    Dewey Decimal Classification     MUST Main Library MUST Main Library 01/06/2021 Donation 09/31847   571.8 COR 2008 2021-0611 01/06/2021 Open Shelf
    Dewey Decimal Classification     MUST Main Library MUST Main Library 01/06/2021 Donation 09/31846   571.8 COR 2008 2021-0617 01/06/2021 Open Shelf